Divided Cities : (Record no. 522825)

000 -LEADER
fixed length control field 01514cam a22003854a 4500
001 - CONTROL NUMBER
control field 14753354
003 - CONTROL NUMBER IDENTIFIER
control field NUST
005 - DATE AND TIME OF LATEST TRANSACTION
control field 20190123120042.0
008 - FIXED-LENGTH DATA ELEMENTS--GENERAL INFORMATION
fixed length control field 070301s2006 enkabf b 001 0 eng
010 ## - LIBRARY OF CONGRESS CONTROL NUMBER
LC control number 2007295786
020 ## - INTERNATIONAL STANDARD BOOK NUMBER
International Standard Book Number 9780195472264
020 ## - INTERNATIONAL STANDARD BOOK NUMBER
International Standard Book Number 0195472268
038 ## - RECORD CONTENT LICENSOR
Staff Name Tanveer
040 ## - CATALOGING SOURCE
Original cataloging agency DLC
Transcribing agency DLC
Modifying agency DLC
043 ## - GEOGRAPHIC AREA CODE
Geographic area code a-pk---
050 00 - LIBRARY OF CONGRESS CALL NUMBER
Classification number DS392.2.L3
Item number T35 2006
082 00 - DEWEY DECIMAL CLASSIFICATION NUMBER
Classification number 954.9143
Edition number 22
Author Mark TAL
100 1# - MAIN ENTRY--PERSONAL NAME
Personal name Talbot, Ian.
9 (RLIN) 13136
245 10 - TITLE STATEMENT
Title Divided Cities :
Remainder of title Partition and its aftermath in Lahore and Amritsar, 1947-1957 /
Statement of responsibility, etc. Ian Talbot.
260 ## - PUBLICATION, DISTRIBUTION, ETC.
Place of publication, distribution, etc. Karachi :
Name of publisher, distributor, etc. Oxford University Press,
Date of publication, distribution, etc. 2006.
300 ## - PHYSICAL DESCRIPTION
Extent xxxiv, 224 p., [4] p. of plates :
Other physical details ill., maps ;
Dimensions 23 cm.
490 0# - SERIES STATEMENT
Series statement The Subcontinent divided : a new beginning
504 ## - BIBLIOGRAPHY, ETC. NOTE
Bibliography, etc. note Includes bibliographical references (p. [201]-213) and index.
650 #0 - SUBJECT ADDED ENTRY--TOPICAL TERM
Topical term or geographic name entry element Forced migration
Geographic subdivision India
General subdivision History.
9 (RLIN) 13137
650 #0 - SUBJECT ADDED ENTRY--TOPICAL TERM
Topical term or geographic name entry element Forced migration
Geographic subdivision Pakistan
General subdivision History.
9 (RLIN) 13138
651 #0 - SUBJECT ADDED ENTRY--GEOGRAPHIC NAME
Geographic name Lahore (Pakistan)
General subdivision History.
9 (RLIN) 13139
651 #0 - SUBJECT ADDED ENTRY--GEOGRAPHIC NAME
Geographic name Amritsar (India)
General subdivision History.
9 (RLIN) 3607
651 #0 - SUBJECT ADDED ENTRY--GEOGRAPHIC NAME
Geographic name India
General subdivision History
Chronological subdivision Partition, 1947.
9 (RLIN) 204
651 #0 - SUBJECT ADDED ENTRY--GEOGRAPHIC NAME
Geographic name Pakistan
General subdivision History
Chronological subdivision 20th century.
9 (RLIN) 13140
856 42 - ELECTRONIC LOCATION AND ACCESS
Materials specified Publisher description
Uniform Resource Identifier <a href="http://www.loc.gov/catdir/enhancements/fy0726/2007295786-d.html">http://www.loc.gov/catdir/enhancements/fy0726/2007295786-d.html</a>
856 42 - ELECTRONIC LOCATION AND ACCESS
Materials specified Book review (H-Net)
Uniform Resource Identifier <a href="http://www.h-net.org/review/hrev-a0f3n8-aa">http://www.h-net.org/review/hrev-a0f3n8-aa</a>
906 ## - LOCAL DATA ELEMENT F, LDF (RLIN)
a 7
b cbc
c orignew
d 2
e ncip
f 20
g y-gencatlg
942 ## - ADDED ENTRY ELEMENTS (KOHA)
Source of classification or shelving scheme
Koha item type Book
Holdings
Withdrawn status Lost status Source of classification or shelving scheme Damaged status Not for loan Permanent Location Current Location Date acquired Total Checkouts Total Renewals Full call number Barcode Date last seen Date last checked out Price effective from Koha item type
          Central Library (CL) Central Library (CL) 01/23/2019 2 1 954.9143 TAL NIT-7777 12/13/2025 10/05/2025 01/23/2019 Book
© 2023 Central Library, National University of Sciences and Technology. All Rights Reserved.